De contutoribus. (Cotutela y pluralidad de tutores en Derecho Romano).

Furkejuvvon:
Bibliográfalaš dieđut
Váldodahkki: Varela Mateos, Esteban (autor)
Eará dahkkit: Fuenteseca Díaz, Pablo (prólogo)
Materiálatiipa: Girji
Giella:eaŋgalasgiella
Almmustuhtton: Madrid, España: 1979. Departamento de Derecho Romano; Universidad Autónoma de Madrid, 1979.
Fáttát:
Fáddágilkorat: Lasit fáddágilkoriid
Eai fáddágilkorat, Lasit vuosttaš fáddágilkora!

MARC

LEADER 00000nam a22000007a 4500
003 CL-VaPUC
005 20220822114636.0
008 220718t1979 ||||| |||| 00| 0 eng d
999 |c 437154  |d 437152 
020 |a 84-600-1510 
040 |c Pontificia Universidad Católica de Valparaíso 
082 |2 22  |a 346.018 VAR 1979 
100 |9 873132  |a Varela Mateos, Esteban  |e autor 
245 |a  De contutoribus.   |b (Cotutela y pluralidad de tutores en Derecho Romano). 
260 |a Madrid, España: 1979.  |b Departamento de Derecho Romano;   |b Universidad Autónoma de Madrid,   |c 1979. 
300 |a 249 páginas.  
500 |a  c.1 Donación Familia Prof. Alejandro Guzmán Brito. 
583 |c 20220718  |k Yessy Sthefany Diaz Vidal 
650 0 |a Tutelas   |x Derecho romano   |9 384923 
650 0 |9 398352  |a Tutores   |x Derecho romano  
700 |9 873133  |a Fuenteseca Díaz, Pablo  |e prólogo  
942 |2 ddc  |c BK  |n 0 
952 |0 0  |1 0  |2 ddc  |4 0  |6 346_018000000000000_VAR_1979  |7 0  |8 C_AGB  |9 584904  |a BIBDER  |b BIBDER  |d 2022-07-18  |e Donación   |i 5652849  |o 346.018 VAR 1979  |p 5652849  |r 2023-01-25  |t 1  |w 2022-07-18  |y BK_US  |k AGB